| 000 | 00722 a2200181 4500 | ||
|---|---|---|---|
| 003 | Nust | ||
| 005 | 20220730115949.0 | ||
| 020 | _a817808578x | ||
| 040 | _cNust | ||
| 082 | _a004.67,STA | ||
| 100 | _aStallings, William | ||
| 245 |
_aHigh speed networks and Internets : _bperformance and quality of service / _cWilliam Stallings |
||
| 260 |
_aIndia _bPearson _c2002 |
||
| 300 | _a715 p.: | ||
| 505 | _aBackground. (Page-1), High-Speed Networks. (Page-71), Performance modeling And Estimation (Page-155), Congestion And Traffic Management. (Page-249), Internet Routing. (Page-397), Quality Of Service In Ip Networks (Page-467), Compression. (Page-547). | ||
| 650 |
_aInternet _917965 |
||
| 942 |
_2ddc _cBK _k004.67,STA |
||
| 999 |
_c176452 _d176452 |
||